Statistiken für Historische Nationalflaggen Quiz

Klicken Sie hier um das Quiz zu spielen!

Allgemein

  • Dieses Quiz wurde 549 mal gespielt
  • Das Durchschnittsergebnis liegt bei 12 aus 20

Antwortstatistiken

Antwort% Korrekt
Spanien
96%
Vereinigte Staaten
84%
Italien
79%
Brasilien
78%
Deutschland
77%
Norwegen
77%
China
72%
Ungarn
70%
Kanada
68%
Portugal
67%
Kambodscha
59%
Südafrika
56%
Griechenland
54%
Iran
53%
Syrien
49%
Thailand (Siam)
43%
Äthiopien (Abessinien)
41%
Brunei
40%
Libyen
39%
Ägypten
32%

Verteilung der Resultate

Perzentil nach korrekt beantworteten Fragen

Anzahl Personen mit jedem Resultat

Ihre Resultats-Entwicklung

Sie haben dieses Quiz noch nicht gespielt